Noc jako stvořená pro nevěru /

Main Author: Frýbová, Zdena, 1934-2010
Language: Czech
Published: Praha : Šulc - Švarc, 2010
Edition: 5. vyd.
Online Access: Digitalizovaný dokument
Physical Description: 252 s. ; 21 cm
Book
Saved in:
LEADER 01143nam a2200337 a 4500
001 nkc20102123878
003 CZ PrNK
005 20101020094602.0
007 ta
008 100929s2010 xr g 000 f cze
015 |a cnb002123878 
020 |a 978-80-7244-279-9  |q (váz.) :  |c Kč 263,00 
035 |a (OCoLC)681496540 
040 |a BOA001  |b cze  |d OLA001 
072 7 |a 821.162.3-3  |x Česká próza  |2 Konspekt  |9 25 
080 |a 821.162.3-31  |2 MRF 
080 |a (0:82-31)  |2 MRF 
100 1 |a Frýbová, Zdena,  |d 1934-2010  |7 jk01032058  |4 aut 
245 1 0 |a Noc jako stvořená pro nevěru /  |c Zdena Frýbová 
250 |a 5. vyd. 
260 |a Praha :  |b Šulc - Švarc,  |c 2010 
300 |a 252 s. ;  |c 21 cm 
655 7 |a české romány  |7 fd133974  |2 czenas 
655 9 |a Czech fiction  |2 eczenas 
856 4 1 |u http://www.digitalniknihovna.cz/mzk/uuid/uuid:2eafe5f0-92f2-11e7-a9a4-005056827e51  |y Digitalizovaný dokument  |x NDK 
910 2 |a BOA001  |b 2-1249.451 
928 9 |a Švarc - Šulc 
990 |a BK 
995 |a 01 
991 |b 201010  |e b 
996 6 |b 2610448041  |c 2-1249.451  |l MZK  |r Sklad / do 1 hodiny  |n 0  |p p.v.  |w 001145193  |u 000010  |a 1  |e BOA001  |j MZK50  |s P